| 000 | 01353cpcaa2200337 4500 | ||
|---|---|---|---|
| 001 | mm 82018606 | ||
| 003 | DLC | ||
| 005 | 20260227111713.0 | ||
| 008 | 820309|||||||||||| eng | ||
| 010 | _amm 82018606 | ||
| 040 |
_aDLC _cDLC _edacs _dDLC |
||
| 072 | 7 |
_aN _2lcmd |
|
| 100 | 1 |
_aDixon, Nathan Fellows, _d1774-1842. |
|
| 245 | 0 | 0 |
_aNathan Fellows Dixon family papers, _f1763-1907. |
| 300 |
_a100 _fitems. |
||
| 300 |
_a1 _fcontainer. |
||
| 506 | 0 | _aOpen to research. | |
| 520 | 8 | _aCopies of legal documents covering land and business transactions, visiting cards, manuscript of William Dixon, and other papers relating to the Dixon family of Westerly, R.I. | |
| 545 | 0 | _aLawyer, banker, state legislator, U.S. senator from Rhode Island. | |
| 546 | _aCollection material in English. | ||
| 600 | 3 | 0 | _aDixon family. |
| 651 | 0 |
_aRhode Island _xSocial life and customs. |
|
| 651 | 0 |
_aWesterly (R.I.) _xSocial life and customs. |
|
| 656 | 7 |
_aBankers. _2itoamc |
|
| 656 | 7 |
_aLawyers. _2itoamc |
|
| 656 | 7 |
_aLegislators _zRhode Island. _2itoamc |
|
| 656 | 7 |
_aSenators, U.S. Congress _zRhode Island. _2itoamc |
|
| 700 | 1 |
_aDixon, William. _tManuscript of William Dixon. |
|
| 999 |
_c43492 _d43492 |
||